Skopje International Airport destinations - Statistics

General Stats
  • This quiz has been taken 35 times
    2 since last reset
  • The average score is 58 of 67
Answer Stats
Airline Destination % Correct
Ajet Ankara
100%
Freebird Airlines, Pegasus Airlines, SunExpress Antalya
100%
Aegean Airlines Athens
100%
WizzAir Barcelona
100%
WizzAir Bari
100%
WizzAir Basel
100%
Air Serbia Belgrade
100%
Freebird Airlines, WizzAir Berlin
100%
Freebird Airlines Billund
100%
WizzAir Bologna
100%
Freebird Airlines Brussels
100%
WizzAir Budapest
100%
WizzAir Cologne
100%
Freebird Airlines Copenhagen
100%
WizzAir Dortmund
100%
Freebird Airlines Dusseldorf
100%
WizzAir Eindhoven
100%
easyJet Geneva
100%
WizzAir Gothenburg
100%
WizzAir Hahn
100%
Freebird Airlines, WizzAir Hamburg
100%
Nesma Airlines, Nile Air Hurghada
100%
Turkish Airlines Istanbul
100%
Pegasus Airlines Istanbul (Sabiha Gokcen)
100%
Pegasus Airlines,SunExpress Izmir
100%
WizzAir Ljubljana
100%
Freebird Airlines London Heathrow
100%
WizzAir London / Luton
100%
WizzAir Madrid
100%
WizzAir Malmo
100%
WizzAir Malta
100%
Freebird Airlines Manchester
100%
Freebird Airlines Marseille
100%
WizzAir Milan (Bergamo)
100%
Freebird Airlines Munich
100%
WizzAir Naples
100%
WizzAir Nuremberg
100%
Norwegian Oslo
100%
WizzAir Palermo
100%
Freebird Airlines Paris (CDG)
100%
easyJet Paris (Orly)
100%
WizzAir Prague
100%
WizzAir Rome (Fiumicino)
100%
WizzAir Stockholm
100%
Freebird Airlines, WizzAir Stuttgart
100%
WizzAir Torp (Oslo)
100%
WizzAir Treviso / Venice
100%
Austrian Airlines, Freebird Airlines Vienna
100%
LOT Polish Airlines Warsaw
100%
Croatia Airlines Zagreb
100%
Chair, Edelweiss Zurich
100%
WizzAir Beauvais
50%
Ajet Bodrum
50%
WizzAir Bratislava
50%
WizzAir Charleroi
50%
Ajet, Pegasus Airlines Diyarbakir
50%
Freebird Airlines, Lufthansa Frankfurt
50%
WizzAir Karlsruhe / Baden Baden
50%
WizzAir Larnaca
50%
Freebird Airlines Lyon
50%
WizzAir Memmingen
50%
Ajet, Pegasus Airlines, Turkish Airlines Mersin / Cukurova
50%
Nouvle Air Monastir
50%
AJet Samsun
50%
AJet Trabzon
50%
WizzAir Alghero
0%
WizzAir Friedrichshafen
0%
No matching quizzes found
Score Distribution
Percent of People with Each Score
Percentile by Number Answered
Your Score History
You have not taken this quiz since the last reset